=LDR 00000nam 2200000 4500 =001 INLIS000000000006286 =005 20130612094432 =008 ***********************************Ind** =035 ##$$0010-061300000006286 =041 ##$$a Ind =082 ##$$a 001.6 =090 ##$$a 001.6, Pur p =100 ##$$a Purnomo, Eddy =245 ##$$a Pemograman komputer dalam bahasa basic, Eddy Purnomo =260 ##$$a 1986 $b Bandung =300 ##$$a x, 240 hlm., 24 cm =650 ##$$a Komputer =850 ##$$a NBPNMAT